00423nam a2200181 a 450000100060000000300090000600800410001502000150005604000280007108200160009910000170011524500150013226000320014730000110017949000110019065000270020165000130022814094CO-ViMGA141112s2004 ck r 000 u spa d a9589443494 aCO-ViMGAbspacCO-ViMGA04a335.4 M392c1 aMarx, Carlos10aEl capital aMedellin : bCometa, c1996 a262 p. aEnsayo14aEconomía Política 14aMARXISMO